Brief Movie Quotes: 1930s-1940s Quiz Stats

 Plays Quiz Updated Jul 27, 2017

Support Sporcle.
Go Orange.
Score 0/20 Timer 05:00
1 Play Today
Quote Movie % Correct
'Toto, I've a feeling we're not in Kansas anymore.'The Wizard of Oz
93.4%
'Frankly, my dear, I don't give a damn!'Gone With the Wind
93%
'Here's looking at you, kid.'Casablanca
91.9%
'...Jane, Tarzan, Jane, Tarzan...'Tarzan, the Ape Man
91.7%
'Magic Mirror on the Wall, who is the Fairest one of all?'Snow White and the Seven Dwarfs
90.7%
'R-o-s-e-b-u-d.'Citizen Kane
87.2%
'Elementary, my dear Watson. Purely elementary.'The Adventures of Sherlock Holmes
86.9%
'It's alive! It's alive!'Frankenstein
86.5%
'It was Beauty killed the Beast.'King Kong
80.4%
'Badges? We ain't got no badges! We don't need no badges! I don't have to show you any stinking badges!'The Treasure of the Sierra Madre
56.4%
Quote Movie % Correct
'The, uh, stuff that dreams are made of.'The Maltese Falcon
42.2%
'Made it, Ma. Top of the world!'White Heat
34%
'I want to be alone.'Grand Hotel
28%
'I never drink wi-i-ine.'Dracula
23.2%
'Mother of Mercy! Is this the end of Rico?'Little Caesar
21%
'Go, and never darken my towels again!'Duck Soup
20.2%
'Insanity runs in my family. It practically gallops.'Arsenic and Old Lace
19.6%
'Is that you, Martha? I don't want to be disturbed.'Dark Victory
6.9%
'I'm going to be a lady if it kills me.'Dinner at Eight
6.3%
'Ever had a good Swiss watch?'Red River
5.2%

You're not logged in!

Compare scores with friends on all Sporcle quizzes.
OR
Log In
Forgot?

From the Vault

Just Be Close: TV Edition

by senordingdong

Close only counts in horseshoes and Sporcle quizzes.
Remove Ads.
Support Sporcle.
Get the best of Sporcle when you Go Orange. This ad-free experience offers more features, more stats, and more fun while also helping to support Sporcle. Thank you for becoming a member.

Show Comments

Extras

Top Quizzes Today


Score Distribution

Your Account Isn't Verified!

In order to create a playlist on Sporcle, you need to verify the email address you used during registration. Go to your Sporcle Settings to finish the process.

Report this User

Report this user for behavior that violates our Community Guidelines.

Details: